[Event "CAN-op U1800"]
[Site "Regina CAN"]
[Date "2019.07.15"]
[Round "5.32"]
[White "Bolduc, Jacques"]
[Black "Steer, David"]
[Result "0-1"]
[WhiteElo "1410"]
[BlackElo "1766"]
[PlyCount "107"]
[EventDate "2019.07.12"]
[EventType "swiss"]
[EventRounds "9"]
[EventCountry "CAN"]

1. d4 Nf6 2. c4 e6 3. Nf3 d5 4. Nc3 Be7 5. Bf4 c6 6. e3 O-O 7. Bd3 Nbd7 8. O-O
Nh5 9. Be5 f6 10. Nd2 g6 11. Bg3 Nxg3 12. fxg3 f5 13. Nf3 Bf6 14. Qb3 Qb6 15.
Qc2 e5 16. Na4 Qb4 17. a3 Qd6 18. dxe5 Nxe5 19. c5 Qe7 20. Nxe5 Qxe5 21. Rae1
Bg5 22. Kh1 Bxe3 23. Nc3 Qd4 24. Nd1 Bg5 25. Qe2 Qxc5 26. Qe5 Bf6 27. Qf4 Qd4
28. Qf3 Bd7 29. Nc3 Rae8 30. Rd1 Qc5 31. Rc1 Qe3 32. Qd1 Bg5 33. Qc2 Qd2 34. h4
Qxc2 35. Rxc2 Bf6 36. Ne2 Re3 37. Rf3 Rfe8 38. h5 Rxf3 39. gxf3 Re3 40. Rd2
Rxf3 41. hxg6 hxg6 42. Kg2 Re3 43. Nf4 Kf7 44. Kf2 Re8 45. Bc4 Be6 46. Bb3 g5
47. Nd3 Bd4+ 48. Kg2 Bb6 49. Rd1 Kf6 50. Rh1 Bf7 51. Bd1 Kg7 52. Rf1 Bg6 53.
Nf2 Re3 54. Nh3 0-1

[Event "CAN-op U1800"]
[Site "Regina CAN"]
[Date "2019.07.15"]
[Round "5.33"]
[White "Collins, Jacob"]
[Black "Thomson, Bruce"]
[Result "1/2-1/2"]
[WhiteElo "1710"]
[BlackElo "1405"]
[PlyCount "117"]
[EventDate "2019.07.12"]
[EventType "swiss"]
[EventRounds "9"]
[EventCountry "CAN"]

1. d4 Nf6 2. Bf4 g6 3. e3 Bg7 4. Nf3 d6 5. Be2 Bg4 6. h3 Bxf3 7. Bxf3 c6 8. O-O
O-O 9. c3 Qb6 10. Qb3 Nbd7 11. Nd2 d5 12. Bh2 Qxb3 13. axb3 Nb6 14. c4 Rfe8 15.
c5 Nbd7 16. b4 e5 17. dxe5 Nxe5 18. Be2 a6 19. Ra2 Ned7 20. Rfa1 Ne4 21. Nxe4
Rxe4 22. b5 Nxc5 23. bxa6 bxa6 24. Bxa6 h5 25. Bf1 Rxa2 26. Rxa2 Ra4 27. Rxa4
Nxa4 28. b4 Nc3 29. Bd6 Bf8 30. Bxf8 Kxf8 31. Kh2 Ke7 32. g4 h4 33. Kg2 g5 34.
Bd3 f6 35. Kf3 Kd6 36. Kg2 Ke5 37. Kf1 d4 38. Ke1 dxe3 39. fxe3 Nd5 40. b5 cxb5
41. Bxb5 Nxe3 42. Kf2 Kf4 43. Ba4 f5 44. gxf5 Nxf5 45. Bd7 Nd4 46. Bc8 Nb3 47.
Ke2 Kg3 48. Ke3 Na5 49. Ke4 Nc6 50. Bd7 Ne7 51. Ke5 Ng6+ 52. Kf6 Nf4 53. Kxg5
Nxh3+ 54. Kf6 Nf4 55. Ke5 Nd3+ 56. Kd4 Nf2 57. Ke3 Ng4+ 58. Bxg4 Kxg4 59. Kf2
1/2-1/2

[Event "CAN-op U1800"]
[Site "Regina CAN"]
[Date "2019.07.15"]
[Round "5.34"]
[White "Sullivan, Brian"]
[Black "Chapman, James"]
[Result "1-0"]
[WhiteElo "1381"]
[BlackElo "1668"]
[PlyCount "73"]
[EventDate "2019.07.12"]
[EventType "swiss"]
[EventRounds "9"]
[EventCountry "CAN"]

1. d4 Nf6 2. c4 g6 3. Nc3 Bg7 4. Nf3 O-O 5. e4 d6 6. h3 Nbd7 7. Be3 c5 8. d5
Re8 9. Bd3 a6 10. Qd2 e5 11. dxe6 Rxe6 12. O-O Qe8 13. Rfe1 b6 14. Nd5 Nxd5 15.
exd5 Re7 16. Bg5 Nf6 17. Rxe7 Qxe7 18. Re1 Qf8 19. Re2 h6 20. Bh4 Bd7 21. Qe1
g5 22. Bg3 g4 23. hxg4 Nxg4 24. Re7 Ne5 25. Rxd7 Nxd7 26. Qe4 Nf6 27. Qf5 Qe7
28. Bh4 Qd7 29. Qxd7 Nxd7 30. Be7 Bf8 31. Bh4 Re8 32. Kf1 Bg7 33. b3 Bc3 34. g4
Ne5 35. Nxe5 Rxe5 36. f4 Re1+ 37. Bxe1 1-0

[Event "CAN-op U1800"]
[Site "Regina CAN"]
[Date "2019.07.15"]
[Round "5.36"]
[White "Li, Alan"]
[Black "Gu, Stephanie"]
[Result "0-1"]
[WhiteElo "1272"]
[BlackElo "1599"]
[PlyCount "116"]
[EventDate "2019.07.12"]
[EventType "swiss"]
[EventRounds "9"]
[EventCountry "CAN"]

1. e4 c5 2. Nf3 e6 3. d4 cxd4 4. Nxd4 a6 5. Nc3 Qc7 6. Be3 Bb4 7. Qd2 Nf6 8. f3
d5 9. Bd3 e5 10. Nde2 d4 11. Nxd4 exd4 12. Bxd4 Nbd7 13. a3 Bc5 14. Qf2 O-O 15.
Na4 Bxd4 16. Qxd4 Qe5 17. Qb4 b5 18. Nc3 Bb7 19. O-O-O Rac8 20. Kb1 Nb6 21. Qa5
Nc4 22. Bxc4 Rxc4 23. h3 Qc7 24. Qxc7 Rxc7 25. Rd4 Rfc8 26. Rhd1 h6 27. R1d2
Kf8 28. Ne2 Ke8 29. Ng3 g6 30. e5 Nd7 31. Re2 Nc5 32. Nf1 Ne6 33. Rd6 Rc6 34.
Rd1 Rc5 35. c3 Nf4 36. Red2 Rxe5 37. Rd7 Re7 38. R7d2 Ne6 39. Ne3 h5 40. Nd5
Bxd5 41. Rxd5 Rd8 42. Rxd8+ Nxd8 43. Rd6 Re6 44. Rd2 Ke7 45. Kc2 Rd6 46. Re2+
Ne6 47. Kb3 Kf6 48. Kb4 h4 49. Ka5 Nf4 50. Rc2 Ke5 51. Kb4 g5 52. b3 Nd3+ 53.
Ka5 Kf4 54. Re2 f5 55. a4 bxa4 56. Kxa4 Rd5 57. c4 Rc5 58. Ka3 Ra5# 0-1

[Event "CAN-op U1800"]
[Site "Regina CAN"]
[Date "2019.07.15"]
[Round "5.37"]
[White "Latorre, Spiro"]
[Black "He, Matthew"]
[Result "1/2-1/2"]
[WhiteElo "1758"]
[BlackElo "1161"]
[PlyCount "150"]
[EventDate "2019.07.12"]
[EventType "swiss"]
[EventRounds "9"]
[EventCountry "CAN"]

1. e4 c6 2. d4 d5 3. Nc3 dxe4 4. Nxe4 Bf5 5. Ng3 Bg6 6. Nf3 Nd7 7. Bd3 Bxd3 8.
Qxd3 e6 9. O-O Ngf6 10. b3 Qa5 11. Bb2 Ba3 12. Bc3 Bb4 13. Bxb4 Qxb4 14. Rfe1
O-O 15. h3 Rfd8 16. c3 Qa5 17. Qc2 Rac8 18. Nd2 h6 19. Nge4 Qf5 20. Qd1 Nxe4
21. Nxe4 Nf6 22. Ng3 Qa5 23. Qc2 c5 24. dxc5 Qxc5 25. Rac1 Rd7 26. c4 Rcd8 27.
Re2 Rd3 28. Kh1 Qb4 29. Qb2 Rd2 30. Rc2 Rd1+ 31. Kh2 Qd6 32. c5 Qc7 33. b4 Nh5
34. Rcd2 Nxg3 35. Rxd8+ Rxd8 36. fxg3 Rd3 37. Qb1 Qxg3+ 38. Kh1 Rd5 39. Re1 Qd3
40. a4 Qxb1 41. Rxb1 Rd4 42. Kg1 e5 43. Kf2 f6 44. Ke3 Kf7 45. a5 Ke7 46. b5
Ra4 47. c6 b6 48. axb6 axb6 49. Rd1 Rb4 50. Rd7+ Ke6 51. Rxg7 Rxb5 52. Rh7 Rc5
53. Rxh6 Rxc6 54. Rh8 Rc3+ 55. Kf2 Rc2+ 56. Kf3 Rc3+ 57. Kf2 Kf5 58. h4 Kg6 59.
g4 Kg7 60. Rb8 Rc4 61. Kf3 Rb4 62. Rb7+ Kg6 63. Rb8 b5 64. Rb7 Rb3+ 65. Ke4 b4
66. Rb8 Rb1 67. h5+ Kg7 68. Kf5 Rf1+ 69. Ke6 Rf4 70. Rb7+ Kh6 71. Rb8 Kg7 72.
Rb7+ Kh6 73. Rb8 Rxg4 74. Kxf6 Rf4+ 75. Kxe5 Rh4 1/2-1/2

[Event "CAN-op U1800"]
[Site "Regina CAN"]
[Date "2019.07.15"]
[Round "5.38"]
[White "Myrzaibraimova, Aibike"]
[Black "Faust, Steven"]
[Result "0-1"]
[WhiteElo "1581"]
[BlackElo "1677"]
[PlyCount "70"]
[EventDate "2019.07.12"]
[EventType "swiss"]
[EventRounds "9"]
[EventCountry "CAN"]

1. e4 b6 2. d4 Bb7 3. Nc3 e6 4. Bd3 d6 5. Bf4 Nd7 6. Nge2 Ne7 7. O-O g6 8. Qd2
Bg7 9. Bh6 O-O 10. Bxg7 Kxg7 11. Ng3 c5 12. d5 e5 13. f4 f6 14. Qe2 exf4 15.
Rxf4 Ne5 16. Qe3 Bc8 17. Be2 Bd7 18. h4 h6 19. Nh1 g5 20. hxg5 hxg5 21. Qg3
N7g6 22. Rff1 Qe7 23. Nf2 Rh8 24. Ng4 Nxg4 25. Bxg4 Bxg4 26. Qxg4 Ne5 27. Qf5
Raf8 28. a4 a6 29. Ra2 Nc4 30. Rfa1 Qe5 31. Qxe5 fxe5 32. b3 Ne3 33. Re1 Ng4
34. Rf1 Rh1+ 35. Kxh1 Rxf1# 0-1

[Event "CAN-op U1800"]
[Site "Regina CAN"]
[Date "2019.07.15"]
[Round "5.39"]
[White "Li, Andrew"]
[Black "Li, Avery"]
[Result "1/2-1/2"]
[WhiteElo "1669"]
[BlackElo "1365"]
[PlyCount "106"]
[EventDate "2019.07.12"]
[EventType "swiss"]
[EventRounds "9"]
[EventCountry "CAN"]

1. e4 e6 2. d4 d5 3. Nc3 Nf6 4. e5 Nfd7 5. f4 c5 6. Nf3 Nc6 7. Bb5 Qb6 8. Bxc6
Qxc6 9. Be3 b6 10. Ng5 g6 11. Qg4 h6 12. Nf3 Ba6 13. h4 h5 14. Qh3 Be7 15. g4
O-O-O 16. Ng5 Bxg5 17. hxg5 cxd4 18. Bxd4 Qc4 19. O-O-O Kb7 20. gxh5 Rxh5 21.
Qf3 Rdh8 22. b3 Qb4 23. Rxh5 Rxh5 24. Nxd5 exd5 25. Qxd5+ Kc7 26. Qxf7 Qf8 27.
e6 Qxf7 28. exf7 Nf8 29. Be5+ Kc8 30. Bf6 Ne6 31. Rd8+ Kc7 32. Re8 Rh7 33. Rxe6
Rxf7 34. Re7+ Rxe7 35. Bxe7 Bc8 36. Kb2 Kc6 37. a4 Be6 38. c4 a6 39. Kc3 b5 40.
Kb4 bxc4 41. bxc4 Bf5 42. Ka5 Bd3 43. Kb4 Be4 44. Kc3 Bf5 45. Kd4 Bc2 46. Ke5
Bd3 47. Kf6 Be4 48. Kf7 Bd3 49. c5 Be4 50. Bd6 Bd3 51. Ke7 Bc2 52. a5 Bf5 53.
Kd8 Bg4 1/2-1/2

[Event "CAN-op U1800"]
[Site "Regina CAN"]
[Date "2019.07.15"]
[Round "5.40"]
[White "Aripuddin, Allan"]
[Black "Ratte, Daniel"]
[Result "1-0"]
[WhiteElo "1594"]
[BlackElo "1212"]
[PlyCount "47"]
[EventDate "2019.07.12"]
[EventType "swiss"]
[EventRounds "9"]
[EventCountry "CAN"]

1. d4 Nf6 2. Bf4 g6 3. e3 Bg7 4. c3 O-O 5. Bd3 d6 6. Nf3 c5 7. Nbd2 a6 8. Qc2
b5 9. Ne4 c4 10. Nxf6+ exf6 11. Be2 Bb7 12. h4 f5 13. h5 Be4 14. Qd2 d5 15.
hxg6 fxg6 16. Ng5 Qe8 17. Nxh7 Rf7 18. Ng5 Rd7 19. f3 Bd3 20. Bxd3 cxd3 21.
Qxd3 Nc6 22. g4 Rb8 23. gxf5 Re7 24. Bxb8 1-0

[Event "CAN-op U1800"]
[Site "Regina CAN"]
[Date "2019.07.15"]
[Round "5.41"]
[White "Gao, Sean"]
[Black "Kreuger, Stephen"]
[Result "0-1"]
[WhiteElo "807"]
[BlackElo "1580"]
[PlyCount "70"]
[EventDate "2019.07.12"]
[EventType "swiss"]
[EventRounds "9"]
[EventCountry "CAN"]

1. e4 Nc6 2. Nf3 f5 3. exf5 d5 4. Nc3 Bxf5 5. Bb5 a6 6. Ba4 d4 7. Ne2 b5 8. Bb3
h6 9. Nf4 Qd6 10. d3 g5 11. Ne2 Nf6 12. c3 dxc3 13. Nxc3 O-O-O 14. d4 Nxd4 15.
Nxd4 Qxd4 16. Qf3 Be4 17. Qh3+ Kb8 18. Nxe4 Qxe4+ 19. Be3 Qb4+ 20. Kf1 Bg7 21.
a3 Qg4 22. Qxg4 Nxg4 23. Rb1 Nxe3+ 24. fxe3 Rd2 25. h3 Rf8+ 26. Kg1 Rff2 27.
Rd1 Rxg2+ 28. Kf1 Rdf2+ 29. Ke1 Bxb2 30. Rd8+ Ka7 31. Bd5 Bc3+ 32. Kd1 Rd2+ 33.
Kc1 Rc2+ 34. Kd1 Rgd2+ 35. Ke1 Rc1# 0-1

[Event "CAN-op U1800"]
[Site "Regina CAN"]
[Date "2019.07.15"]
[Round "5.42"]
[White "Singh, Amninder"]
[Black "Trinh, Khoi"]
[Result "1-0"]
[WhiteElo "1463"]
[BlackElo "994"]
[PlyCount "91"]
[EventDate "2019.07.12"]
[EventType "swiss"]
[EventRounds "9"]
[EventCountry "CAN"]

1. d4 Nf6 2. g3 g6 3. Bg2 Bg7 4. e4 d6 5. Ne2 O-O 6. O-O e5 7. c3 Nc6 8. Qb3
Nd7 9. Be3 Kh8 10. Nd2 Ne7 11. Rad1 c6 12. Nf3 d5 13. Ng5 h6 14. Nh3 Nb6 15.
dxe5 Bxe5 16. Bxh6 Bg7 17. Bg5 Qe8 18. Qb4 f6 19. Be3 Nc4 20. exd5 Nxe3 21.
fxe3 cxd5 22. Nhf4 Nc6 23. Qc5 b6 24. Qxd5 Qxe3+ 25. Rf2 Rd8 26. Nxg6+ Kh7 27.
Qh5+ Bh6 28. Rxd8 Nxd8 29. Bxa8 Ne6 30. Ne7 Nf4 31. gxf4 Qxe7 32. f5 Qf8 33.
Qg6+ Kh8 34. Nf4 Qg7 35. Qxg7+ Bxg7 36. Ne6 Bxe6 37. fxe6 Bf8 38. Rxf6 Kg7 39.
Rf7+ Kg6 40. Be4+ Kg5 41. Rxf8 Kg4 42. e7 Kh3 43. e8=Q Kg4 44. Qe6+ Kg5 45.
Qf5+ Kh6 46. Qg6# 1-0

[Event "CAN-op U1800"]
[Site "Regina CAN"]
[Date "2019.07.15"]
[Round "5.43"]
[White "Li, Anthony Zongyue"]
[Black "Donovan, Ryan"]
[Result "1/2-1/2"]
[WhiteElo "847"]
[BlackElo "1547"]
[PlyCount "69"]
[EventDate "2019.07.12"]
[EventType "swiss"]
[EventRounds "9"]
[EventCountry "CAN"]

1. d4 d5 2. Nf3 Nf6 3. e3 c6 4. Bd3 Bg4 5. h3 Bxf3 6. Qxf3 Nbd7 7. Nd2 e5 8.
dxe5 Nxe5 9. Qg3 Nxd3+ 10. cxd3 g6 11. O-O Bg7 12. Qe5+ Qe7 13. Qxe7+ Kxe7 14.
e4 Rhe8 15. b3 Nxe4 16. Ba3+ Kd7 17. dxe4 Bxa1 18. Rxa1 dxe4 19. Re1 f5 20. g4
b5 21. Kg2 Rad8 22. Kg3 Kc7 23. Re2 Rd3+ 24. Kg2 Red8 25. Bb4 Kb6 26. Nf1 c5
27. Bd2 c4 28. Bg5 Rc8 29. bxc4 Rxc4 30. Ne3 Ra4 31. gxf5 gxf5 32. Nxf5 Rda3
33. Bd8+ Kc6 34. Rc2+ Rc4 35. Rd2 1/2-1/2

[Event "CAN-op U1800"]
[Site "Regina CAN"]
[Date "2019.07.15"]
[Round "5.44"]
[White "Dusaran, Fernando"]
[Black "Maheux, Pierre"]
[Result "0-1"]
[WhiteElo "1265"]
[BlackElo "1665"]
[PlyCount "100"]
[EventDate "2019.07.12"]
[EventType "swiss"]
[EventRounds "9"]
[EventCountry "CAN"]

1. e4 c5 2. Nf3 Nc6 3. d4 cxd4 4. Nxd4 e5 5. Nb5 d6 6. a4 Be6 7. N1c3 a6 8. Na3
Nf6 9. Bc4 Be7 10. O-O O-O 11. Kh1 Bxc4 12. Nxc4 Nxe4 13. Nxe4 d5 14. Nxe5 Nxe5
15. Ng3 d4 16. Re1 Nc6 17. Re4 f5 18. Re6 Qd5 19. Qe2 f4 20. Nf1 f3 21. Qe4
fxg2+ 22. Kxg2 Qd7 23. Bd2 Rf7 24. Re1 Raf8 25. f4 Bd6 26. Re8 Ne7 27. Rxf8+
Kxf8 28. Qxd4 Qg4+ 29. Ng3 Nf5 30. Qf2 Nh4+ 31. Kh1 Qf3+ 32. Qxf3 Nxf3 33. Rd1
Nxd2 34. Rxd2 Bxf4 35. Rf2 Bxg3 36. Rxf7+ Kxf7 37. hxg3 Ke6 38. Kg2 Ke5 39. Kf3
h5 40. c3 g5 41. a5 h4 42. gxh4 gxh4 43. Kg4 Ke4 44. Kxh4 Kd3 45. Kg5 Kc2 46.
Kf5 Kxb2 47. Ke5 Kxc3 48. Kd6 Kb4 49. Kc7 Kxa5 50. Kxb7 Kb5 0-1

[Event "CAN-op U1800"]
[Site "Regina CAN"]
[Date "2019.07.15"]
[Round "5.45"]
[White "Menesses, Ryan"]
[Black "Gran, Chris"]
[Result "1-0"]
[WhiteElo "1280"]
[BlackElo "1158"]
[PlyCount "43"]
[EventDate "2019.07.12"]
[EventType "swiss"]
[EventRounds "9"]
[EventCountry "CAN"]

1. c4 e5 2. g3 f5 3. Nc3 Nf6 4. Bg2 Nc6 5. e3 e4 6. Nge2 Bb4 7. a3 Bxc3 8. Nxc3
Ne5 9. O-O Nd3 10. b4 d5 11. cxd5 Nxd5 12. Na4 Qf6 13. Rb1 b6 14. Nb2 Ba6 15.
Qa4+ Kf7 16. Qxa6 Ne5 17. Nc4 Nf3+ 18. Bxf3 exf3 19. Bb2 Qh6 20. Ne5+ Kg8 21.
Qb7 Re8 22. Qxd5+ 1-0

[Event "CAN-op U1800"]
[Site "Regina CAN"]
[Date "2019.07.15"]
[Round "5.46"]
[White "Myrzaibraimova, Alia"]
[Black "Richardson, Daniel"]
[Result "1-0"]
[WhiteElo "1208"]
[BlackElo "1126"]
[PlyCount "99"]
[EventDate "2019.07.12"]
[EventType "swiss"]
[EventRounds "9"]
[EventCountry "CAN"]

1. e4 d5 2. e5 Bf5 3. Nf3 e6 4. d4 Nc6 5. Bb5 Be7 6. O-O a6 7. Ba4 b5 8. Bb3
Na5 9. Nc3 Nxb3 10. axb3 c5 11. Be3 Qb6 12. Qe2 Ra7 13. Ra2 Nh6 14. h3 O-O 15.
Rfa1 Kh8 16. Nxb5 Rb7 17. Nc3 Ra8 18. Rxa6 Rxa6 19. Qxa6 cxd4 20. Qxb6 Rxb6 21.
Ra8+ Ng8 22. Nxd4 Rb7 23. Nxd5 Be4 24. Nxe7 Rxe7 25. Bg5 Rc7 26. Rb8 Bxc2 27.
b4 Be4 28. h4 h6 29. Bf4 Kh7 30. b5 Rd7 31. Nc6 Rd1+ 32. Kh2 g5 33. hxg5 hxg5
34. Bxg5 Nh6 35. Bf6 Ng4+ 36. Kg3 Nxf6 37. exf6 Kg6 38. Rc8 Rg1 39. f3 Bxc6 40.
bxc6 Rc1 41. c7 Kxf6 42. b4 Ke7 43. Kf4 Kd7 44. Rf8 Kxc7 45. Rxf7+ Kb6 46. Re7
Rc4+ 47. Ke5 Kb5 48. Rxe6 Rxb4 49. Rf6 Kc4 50. Rf4+ 1-0

[Event "CAN-op U1800"]
[Site "Regina CAN"]
[Date "2019.07.15"]
[Round "5.47"]
[White "Huang, Winston"]
[Black "Mayol, John"]
[Result "1-0"]
[WhiteElo "1065"]
[BlackElo "1716"]
[PlyCount "97"]
[EventDate "2019.07.12"]
[EventType "swiss"]
[EventRounds "9"]
[EventCountry "CAN"]

1. d4 d5 2. c4 Nf6 3. Nc3 Nc6 4. Bg5 Be6 5. e3 h6 6. Bh4 dxc4 7. Bxf6 exf6 8.
d5 Bb4 9. dxe6 fxe6 10. Bxc4 Qe7 11. Nf3 Bd6 12. O-O O-O-O 13. Nd4 Ne5 14.
Bxe6+ Kb8 15. Qb3 Rhe8 16. f4 c5 17. fxe5 cxd4 18. exd6 Qxd6 19. exd4 Rxe6 20.
Nb5 Qb6 21. Rac1 a6 22. Qg3+ Re5 23. Kh1 axb5 24. dxe5 fxe5 25. Qxe5+ Ka7 26.
Qc5 Qxc5 27. Rxc5 Kb6 28. Rcc1 Rd2 29. Rb1 b4 30. Kg1 Ka5 31. Rf7 g5 32. Rxb7
Rd6 33. a3 bxa3 34. bxa3 Ka6 35. Kf2 Rc6 36. R1b6+ Rxb6 37. Rxb6+ Kxb6 38. Kg3
h5 39. Kf3 Kc5 40. Ke4 Kc4 41. Kf5 g4 42. Kg5 Kb3 43. Kxh5 g3 44. hxg3 Kxa3 45.
g4 Kb4 46. g5 Kc5 47. g6 Kd6 48. g7 Ke7 49. g8=Q 1-0

[Event "CAN-op U1800"]
[Site "Regina CAN"]
[Date "2019.07.15"]
[Round "5.48"]
[White "Sorgard, William"]
[Black "Chen, Helen"]
[Result "1-0"]
[WhiteElo "845"]
[BlackElo "1512"]
[PlyCount "65"]
[EventDate "2019.07.12"]
[EventType "swiss"]
[EventRounds "9"]
[EventCountry "CAN"]

1. e4 c5 2. Bc4 Nc6 3. Nf3 Nf6 4. Nc3 e6 5. O-O d6 6. d4 cxd4 7. Nxd4 e5 8.
Nxc6 bxc6 9. Bg5 Be7 10. b4 Bb7 11. b5 O-O 12. Rb1 Re8 13. bxc6 Bxc6 14. Bb5
Qc7 15. Bxf6 Bxf6 16. Nd5 Qd7 17. Bxc6 Qxc6 18. Nxf6+ gxf6 19. Qg4+ Kh8 20. Qf5
Re6 21. Rfe1 Rg8 22. Re3 Qxc2 23. Rbe1 Rg5 24. Qf3 Qc8 25. Ra3 Qc5 26. Rc3 Qa5
27. Rc8+ Rg8 28. Rec1 Qa6 29. Rxg8+ Kxg8 30. Qh5 Kg7 31. Rc7 f5 32. Rxf7+ Kg8
33. Qxh7# 1-0

[Event "CAN-op U1800"]
[Site "Regina CAN"]
[Date "2019.07.15"]
[Round "5.49"]
[White "Jiang, William"]
[Black "Tran, Tri"]
[Result "1-0"]
[WhiteElo "979"]
[BlackElo "978"]
[PlyCount "75"]
[EventDate "2019.07.12"]
[EventType "swiss"]
[EventRounds "9"]
[EventCountry "CAN"]

1. e4 e6 2. d3 d5 3. Nd2 c5 4. g3 Nc6 5. Bg2 Nf6 6. Ngf3 Bd6 7. O-O O-O 8. Re1
e5 9. h3 d4 10. Nc4 Bc7 11. g4 b5 12. Ncd2 Ba6 13. Nf1 Ne7 14. Ng3 Ng6 15. g5
Nd7 16. h4 c4 17. h5 Ne7 18. Nh4 Ba5 19. Rf1 g6 20. f4 exf4 21. Bxf4 Bc7 22.
Qg4 Bxf4 23. Rxf4 cxd3 24. cxd3 Rc8 25. b4 Rc3 26. hxg6 fxg6 27. Qe6+ Kh8 28.
Rxf8+ Nxf8 29. Qxa6 Rxd3 30. Nf3 Kg8 31. Qxb5 Rc3 32. Rd1 d3 33. Ne2 dxe2 34.
Rxd8 Rxf3 35. Qc4+ Kg7 36. Qxe2 Ra3 37. Qf2 Ne6 38. Qf6# 1-0

[Event "CAN-op U1800"]
[Site "Regina CAN"]
[Date "2019.07.15"]
[Round "5.50"]
[White "Zhou, Felix Tian"]
[Black "Sorgard, Abigail"]
[Result "1-0"]
[WhiteElo "766"]
[BlackElo "744"]
[PlyCount "57"]
[EventDate "2019.07.12"]
[EventType "swiss"]
[EventRounds "9"]
[EventCountry "CAN"]

1. c4 e5 2. Nc3 Nc6 3. Nf3 Nf6 4. e4 Bc5 5. Be2 O-O 6. a3 a5 7. b3 d6 8. Bb2
Bg4 9. Nb5 Nxe4 10. d4 Bxf3 11. Bxf3 Qh4 12. O-O Bb6 13. Bxe4 Qxe4 14. dxe5
Nxe5 15. Nc3 Qh4 16. Nd5 Ng4 17. Ne7+ Qxe7 18. Qxg4 f6 19. Rae1 Qd8 20. Qf5 a4
21. b4 c5 22. Qd5+ Kh8 23. bxc5 Bxc5 24. Bc1 b5 25. cxb5 Qa5 26. Qc6 Rfc8 27.
Qd7 Ra7 28. Qxc8+ Qd8 29. Qxd8# 1-0

[Event "CAN-op U1800"]
[Site "Regina CAN"]
[Date "2019.07.15"]
[Round "6.31"]
[White "Steer, David"]
[Black "Tcherni, Avram"]
[Result "1-0"]
[WhiteElo "1766"]
[BlackElo "1637"]
[PlyCount "79"]
[EventDate "2019.07.12"]
[EventType "swiss"]
[EventRounds "9"]
[EventCountry "CAN"]

1. e4 c6 2. d4 d5 3. e5 Bf5 4. h4 h6 5. g4 Bh7 6. Bd3 Bxd3 7. Qxd3 e6 8. Be3
Nd7 9. Nd2 Ne7 10. f4 Qc7 11. f5 O-O-O 12. Ngf3 c5 13. c3 c4 14. Qc2 Nc6 15.
fxe6 fxe6 16. Qg6 Kb8 17. Qxe6 Nb6 18. O-O-O Be7 19. Qg6 Rhg8 20. g5 hxg5 21.
Bxg5 Bxg5 22. hxg5 Ne7 23. Qe6 Rde8 24. Qg4 g6 25. Rh7 Qc6 26. Nh4 Nd7 27. Rf1
Nf8 28. Rhf7 Qe6 29. Qf4 Rh8 30. Qg3 Rxh4 31. Rxf8 Nf5 32. Rxe8+ Qxe8 33. Rxf5
Rh1+ 34. Rf1 Rxf1+ 35. Nxf1 Qe6 36. Ne3 Kc7 37. Qf3 Kd7 38. Qxd5+ Qxd5 39. Nxd5
Ke6 40. Nf4+ 1-0

[Event "CAN-op U1800"]
[Site "Regina CAN"]
[Date "2019.07.15"]
[Round "6.32"]
[White "Gu, Stephanie"]
[Black "Skop, Mike"]
[Result "1-0"]
[WhiteElo "1599"]
[BlackElo "1660"]
[PlyCount "51"]
[EventDate "2019.07.12"]
[EventType "swiss"]
[EventRounds "9"]
[EventCountry "CAN"]

1. e4 c6 2. d4 Na6 3. Nc3 Nc7 4. Nf3 g6 5. Be3 Nh6 6. h3 f6 7. Qd2 Nf7 8. O-O-O
Bg7 9. Bc4 d5 10. Bb3 b5 11. exd5 cxd5 12. Kb1 e6 13. Ne2 Bd7 14. Nc1 a5 15. c3
Nd6 16. Qe2 a4 17. Bc2 Nc4 18. Nd3 Na6 19. Rhe1 Qa5 20. Bc1 b4 21. cxb4 Nxb4
22. Nc5 O-O-O 23. a3 Rhe8 24. axb4 Qxb4 25. Qd3 a3 26. Qb3 {time} 1-0

[Event "CAN-op U1800"]
[Site "Regina CAN"]
[Date "2019.07.15"]
[Round "6.33"]
[White "Myrzaibraimov, Azamat"]
[Black "Sullivan, Brian"]
[Result "0-1"]
[WhiteElo "1604"]
[BlackElo "1381"]
[PlyCount "100"]
[EventDate "2019.07.12"]
[EventType "swiss"]
[EventRounds "9"]
[EventCountry "CAN"]

1. c4 e5 2. Nc3 Nf6 3. e3 g6 4. Nf3 d6 5. h3 Bg7 6. Qa4+ Nc6 7. d4 O-O 8. d5
Ne7 9. e4 Nd7 10. Ng5 h6 11. Nf3 Kh7 12. g4 Ng8 13. b4 f5 14. gxf5 gxf5 15. Qc2
f4 16. Bb2 a5 17. b5 Nc5 18. Ba3 Nd7 19. O-O-O Ngf6 20. Be2 Rg8 21. Nh4 Nf8 22.
Nf5 Bxf5 23. exf5 N8d7 24. Rdg1 Qe7 25. Bh5 Kh8 26. Bg6 Nf8 27. Qe2 Nxg6 28.
Rxg6 Rae8 29. Ne4 Nxe4 30. Qxe4 Qh4 31. Rh2 Bf6 32. b6 Bg5 33. Rxg8+ Rxg8 34.
Kc2 Bd8 35. c5 Qf6 36. Rg2 Rxg2 37. Qxg2 Qxf5+ 38. Kc3 e4 39. Bb2 Bf6+ 40. Kb3
Qxd5+ 41. Kc2 Qxa2 42. Qxe4 Qxb2+ 43. Kd1 Qb3+ 44. Ke2 Qb5+ 45. Kf3 cxb6 46.
cxb6 Qc6 47. Kxf4 Qxe4+ 48. Kxe4 a4 49. Kf5 Kg7 50. Ke6 a3 0-1

[Event "CAN-op U1800"]
[Site "Regina CAN"]
[Date "2019.07.15"]
[Round "6.34"]
[White "He, Matthew"]
[Black "Collins, Jacob"]
[Result "1-0"]
[WhiteElo "1161"]
[BlackElo "1710"]
[PlyCount "105"]
[EventDate "2019.07.12"]
[EventType "swiss"]
[EventRounds "9"]
[EventCountry "CAN"]

1. d4 d5 2. c4 c6 3. cxd5 cxd5 4. Bf4 Qb6 5. Qc2 Nc6 6. e3 Nf6 7. h3 Bf5 8. Qb3
Qxb3 9. axb3 e6 10. Nc3 Bb4 11. Rc1 O-O 12. g4 Bg6 13. Be2 Na5 14. Bd1 Rfc8 15.
Nge2 Bd3 16. f3 Rc6 17. Kf2 Rac8 18. Na2 Rxc1 19. Nexc1 Bg6 20. Nd3 Be7 21. Ke2
Rc6 22. b4 Bxd3+ 23. Kxd3 Nc4 24. Rh2 Bd6 25. Bxd6 Nxd6 26. Ba4 Ra6 27. Bb3 Rc6
28. Rc2 Rxc2 29. Kxc2 Nc4 30. Bxc4 dxc4 31. Nc3 Nd5 32. Nxd5 exd5 33. b3 b5 34.
bxc4 dxc4 35. h4 Kf8 36. g5 Ke7 37. f4 f6 38. gxf6+ Kxf6 39. e4 g6 40. d5 Ke7
41. Kc3 h6 42. Kd4 a6 43. e5 Kd7 44. e6+ Ke7 45. h5 gxh5 46. Ke5 c3 47. d6+ Ke8
48. d7+ Ke7 49. f5 c2 50. f6+ Kd8 51. f7 c1=Q 52. f8=Q+ Kc7 53. Qc8+ 1-0

[Event "CAN-op U1800"]
[Site "Regina CAN"]
[Date "2019.07.15"]
[Round "6.35"]
[White "Faust, Steven"]
[Black "Thomson, Bruce"]
[Result "1-0"]
[WhiteElo "1677"]
[BlackElo "1405"]
[PlyCount "42"]
[EventDate "2019.07.12"]
[EventType "swiss"]
[EventRounds "9"]
[EventCountry "CAN"]

1. e4 c6 2. d4 d5 3. Nc3 dxe4 4. Nxe4 Bf5 5. Ng3 Bg6 6. Nf3 Nd7 7. Nh4 e6 8.
Nxg6 hxg6 9. c4 Ngf6 10. Bd2 Nb6 11. Bc3 Be7 12. Be2 Qc7 13. O-O c5 14. d5 exd5
15. Bxf6 Bxf6 16. cxd5 O-O-O 17. Bf3 Bxb2 18. Rb1 Bd4 19. Bg4+ f5 20. Bh3 Rxd5
21. Qf3 Kb8 {...} 1-0

[Event "CAN-op U1800"]
[Site "Regina CAN"]
[Date "2019.07.15"]
[Round "6.36"]
[White "Latorre, Spiro"]
[Black "Singh, Amninder"]
[Result "1-0"]
[WhiteElo "1758"]
[BlackElo "1463"]
[PlyCount "87"]
[EventDate "2019.07.12"]
[EventType "swiss"]
[EventRounds "9"]
[EventCountry "CAN"]

1. e4 c6 2. d4 d5 3. Nc3 dxe4 4. Nxe4 Bf5 5. Ng3 Bg6 6. Nf3 h6 7. Bc4 Nf6 8.
Ne5 Nd5 9. Nxg6 fxg6 10. Qg4 g5 11. Qh5+ Kd7 12. Bxg5 Qe8 13. Qh3+ e6 14. O-O
Bd6 15. Bd2 Rf8 16. Bb3 Qg6 17. c4 Nc7 18. d5 Nba6 19. Rfe1 Nc5 20. dxe6+ N7xe6
21. Be3 Kc7 22. Rad1 Rad8 23. Re2 Bxg3 24. hxg3 Rxd1+ 25. Bxd1 Rd8 26. Bc2 Qf6
27. b4 Na6 28. b5 Nac5 29. Qg4 Rh8 30. Rd2 g6 31. Qxg6 Qa1+ 32. Kh2 h5 33. Bxc5
Nxc5 34. Qd6+ Kb6 35. Rd5 Nd7 36. a4 h4 37. g4 h3 38. Rh5 hxg2 39. Kxg2 Rxh5
40. gxh5 Qg7+ 41. Bg6 Ne5 42. Qd4+ Kc7 43. f4 Qf6 44. Qxe5+ 1-0